000 00698nam a2200193Ia 4500
003 GCL
008 140319s9999 xx 000 0 ara d
040 _aGCL /
_cGCL
082 0 4 _a726.1
_bا ا
100 1 _aادارة حفظ الاثار العربية
245 1 0 _aادارة حفظ الاثار العربية : رسالتها فى رعاية الاثار الاسلامية فى القاهرة والاقاليم /
_cادارة حفظ الاثار العربية
300 _a81 ص
490 _a
650 0 4 _aالاثار الاسلامية
650 0 4 _aالمساجد - تاريخ
650 0 4 _aالمساجد - مصر
650 0 4 _aمنشأت - اسلامية
942 _2ddc
_cBK
999 _c46202
_d46202